Catálogo
 En Linea

Las nuevas teorias de la criminalidad / (Registro nro. 12657)

Detalles MARC
000 -CABECERA
campo de control de longitud fija 00775cam a2200217 a 4500
001 - NÚMERO DE CONTROL
campo de control 000013010
005 - FECHA Y HORA DE LA ÚLTIMA TRANSACCIÓN
campo de control 20260205113240.0
008 - DATOS DE LONGITUD FIJA--INFORMACIÓN GENERAL
campo de control de longitud fija 901217s1946 cu b 000 0 spa
040 ## - FUENTE DE LA CATALOGACIÓN
Centro catalogador/agencia de origen DO-SdBNP
Lengua de catalogación spa
Centro/agencia transcriptor BNPHU
082 ## - NÚMERO DE LA CLASIFICACIÓN DECIMAL DEWEY
Número de clasificación 364
Número de documento/Ítem B517n
100 1# - ENTRADA PRINCIPAL--NOMBRE DE PERSONA
Nombre de persona Bernaldo de Quiros, Constancio,
Fechas asociadas al nombre 1873-1959.
9 (RLIN) 30005
245 14 - MENCIÓN DE TÍTULO
Título Las nuevas teorias de la criminalidad /
Mención de responsabilidad, etc. Constancio Bernaldo de Quiros.
250 ## - MENCIÓN DE EDICIÓN
Mención de edición 4a ed.
260 ## - PUBLICACIÓN, DISTRIBUCIÓN, ETC.
Lugar de publicación, distribución, etc. La Habana :
Nombre del editor, distribuidor, etc. Jesús Montero,
Fecha de publicación, distribución, etc. 1946.
300 ## - DESCRIPCIÓN FÍSICA
Extensión 266 p. ;
Dimensiones 24 cm.
490 1# - MENCIÓN DE SERIE
Mención de serie Biblioteca Jurídica de Autores Cubanos y Extranjeros,
Designación de volumen o secuencia 103
504 ## - NOTA DE BIBLIOGRAFÍA, ETC.
Nota de bibliografía, etc. Bibliografía : p. [247]-256.
650 #0 - PUNTO DE ACCESO ADICIONAL DE MATERIA--TÉRMINO DE MATERIA
Término de materia o nombre geográfico como elemento de entrada Criminología
9 (RLIN) 17089
650 #0 - PUNTO DE ACCESO ADICIONAL DE MATERIA--TÉRMINO DE MATERIA
Término de materia o nombre geográfico como elemento de entrada Antropología criminal
9 (RLIN) 30006
830 #0 - PUNTO DE ACCESO ADICIONAL DE SERIE-TÍTULO UNIFORME
Título uniforme Biblioteca Jurídica de Autores Cubanos y Extranjeros,
Designación de volumen o secuencia 103
9 (RLIN) 30007
Existencias
Estado de retiro Estado de pérdida Restricciones de uso No para préstamo Código de colección Localización permanente Ubicación/localización actual Ubicación en estantería Fecha de adquisición Número de inventario Total de préstamos Signatura topográfica completa Código de barras Fecha visto por última vez Precio válido a partir de Tipo de ítem Koha
    Préstamo interno   Monografías: Libros y Folletos General General En catalogación 19.11.2009 LF1   364 B517n 13010-10 25.06.2020 25.06.2020 Préstamo interno

Con tecnología Koha